| 000 | 01568fam a2200349 a 4500 | ||
|---|---|---|---|
| 001 | 2049846 | ||
| 003 | OSt | ||
| 005 | 20210927111028.0 | ||
| 008 | 961011s1997 nyua b 001 0 eng d | ||
| 010 | _a 96078982 | ||
| 020 | _a0070216738 | ||
| 035 | _a(OCoLC)ocm36358804 | ||
| 038 | _akhadija | ||
| 040 |
_aGAT _cGAT _dDLC _dOrLoB-B |
||
| 042 | _alccopycat | ||
| 050 | 0 | 4 |
_aTA342 _bV78 1997 |
| 082 | 0 | 0 |
_a620.0015 _221 _bVUH |
| 100 | 1 |
_aVu, Hung V. _951939 |
|
| 245 | 1 | 0 |
_aDynamic systems : _bmodeling and analysis / _cHung V. Vu, Ramin S. Esfandiari. |
| 260 |
_aNew York : _bMcGraw-Hill, _cc1997. |
||
| 300 |
_axvii, 622 p. : _bill. ; _c25 cm. |
||
| 504 | _aIncludes bibliographical references (p. 612-613) and index. | ||
| 505 | 0 | 0 |
_g1. _tComplex Analysis, Differential Equations, and the Laplace Transform -- _g2. _tMatrix Analysis -- _g3. _tSystem Model Representation -- _g4. _tMechanical Systems -- _g5. _tElectrical, Electronic, and Electromechanical Systems -- _g6. _tFluid and Thermal Systems -- _g7. _tSystem Response -- _g8. _tIntroduction to Vibrations -- _g9. _tBlock Diagram Representation -- _g10. _tIntroduction to Control Systems -- _gApp. A. _tTables -- _gApp. B. _tComputer Simulation -- _gApp. C. _tUseful Formulas -- _gApp. D. _tAnswers to Odd-Numbered Problems. |
| 563 | _aHardcover | ||
| 650 | 0 |
_aEngineering _xMathematical models. _940559 |
|
| 650 | 0 |
_aSystems engineering _xMathematical models. _92309 |
|
| 650 | 0 |
_aSystem analysis. _92233 |
|
| 650 | 0 |
_aDynamics. _97202 |
|
| 700 | 1 |
_aEsfandiari, Ramin S. _926200 |
|
| 900 | _bTOC | ||
| 942 |
_2ddc _cBK |
||
| 999 |
_c31673 _d31673 |
||